[Event "ODJM B 2024"]
[Site "Willingen GER"]
[Date "2024.05.25"]
[Round "9"]
[White "Ye, Philipp"]
[Black "Stettner, Oskar"]
[Result "1/2-1/2"]
[Termination "normal"]
[Board "3"]
[WhiteElo "1870"]
[BlackElo "1672"]
[WhiteClock "00:35:22"]
[BlackClock "00:03:18"]
[PlyCount "107"]
[WhiteFideId "34646787"]
[BlackFideId "34617035"]
[EventCountry "GER"]
[EventRounds "9"]
[EventType "swiss"]
[EventDate "2024.05.18"]

1. d4 {[%clk 01:30:51]} {[%emt 00:00:09]} d5 {[%clk 01:30:59]} {[%emt
00:00:01]} 2. c4 {[%clk 01:30:32]} {[%emt 00:00:49]} e6 {[%clk 01:30:36]}
{[%emt 00:00:53]} 3. Nc3 {[%clk 01:30:16]} {[%emt 00:00:46]} Nf6 {[%clk
01:30:46]} {[%emt 00:00:20]} 4. cxd5 {[%clk 01:30:13]} {[%emt 00:00:33]} exd5
{[%clk 01:31:10]} {[%emt 00:00:07]} 5. Bg5 {[%clk 01:30:37]} {[%emt 00:00:05]}
Be6 {[%clk 01:29:01]} {[%emt 00:02:39]} 6. e3 {[%clk 01:30:25]} {[%emt
00:00:42]} Nbd7 {[%clk 01:18:48]} {[%emt 00:10:43]} 7. Bd3 {[%clk 01:26:24]}
{[%emt 00:04:30]} Be7 {[%clk 01:11:03]} {[%emt 00:08:16]} 8. Nge2 {[%clk
01:25:45]} {[%emt 00:01:07]} O-O {[%clk 01:09:11]} {[%emt 00:02:25]} 9. O-O
{[%clk 01:24:31]} {[%emt 00:01:43]} c5 {[%clk 01:09:32]} {[%emt 00:00:09]} 10.
dxc5 {[%clk 01:19:24]} {[%emt 00:05:37]} Nxc5 {[%clk 01:06:43]} {[%emt
00:03:19]} 11. Bc2 {[%clk 01:19:13]} {[%emt 00:00:41]} Qd7 {[%clk 01:01:54]}
{[%emt 00:05:19]} 12. Nd4 {[%clk 01:11:58]} {[%emt 00:07:44]} Rfd8 {[%clk
01:00:02]} {[%emt 00:02:23]} 13. Qe2 {[%clk 01:09:37]} {[%emt 00:02:50]} Rac8
{[%clk 00:56:08]} {[%emt 00:04:25]} 14. Rfd1 {[%clk 01:08:07]} {[%emt
00:02:00]} Qc7 {[%clk 00:43:58]} {[%emt 00:12:40]} 15. Bf4 {[%clk 01:05:36]}
{[%emt 00:03:00]} Qb6 {[%clk 00:36:08]} {[%emt 00:08:21]} 16. Rac1 {[%clk
01:00:22]} {[%emt 00:05:43]} Kh8 {[%clk 00:25:23]} {[%emt 00:11:16]} 17. Bb1
{[%clk 00:56:37]} {[%emt 00:04:15]} a6 {[%clk 00:22:52]} {[%emt 00:03:01]} 18.
Nf5 {[%clk 00:53:19]} {[%emt 00:03:45]} Bxf5 {[%clk 00:16:19]} {[%emt
00:07:06]} 19. Bxf5 {[%clk 00:53:29]} {[%emt 00:00:20]} Ne6 {[%clk 00:16:11]}
{[%emt 00:00:39]} 20. Be5 {[%clk 00:48:46]} {[%emt 00:05:12]} Qa7 {[%clk
00:10:37]} {[%emt 00:06:04]} 21. Qf3 {[%clk 00:45:49]} {[%emt 00:03:26]} b5
{[%clk 00:06:52]} {[%emt 00:04:17]} 22. Qh3 {[%clk 00:42:11]} {[%emt 00:04:06]}
Ng5 {[%clk 00:03:55]} {[%emt 00:03:28]} 23. Qg3 {[%clk 00:35:17]} {[%emt
00:07:24]} Nge4 {[%emt 00:03:35]} 24. Nxe4 {[%clk 00:34:19]} {[%emt 00:01:25]}
Rxc1 {[%clk 00:01:20]} {[%emt 00:00:03]} 25. Rxc1 {[%clk 00:34:36]} {[%emt
00:00:12]} dxe4 {[%clk 00:01:48]} {[%emt 00:00:03]} 26. h3 {[%clk 00:32:25]}
{[%emt 00:02:41]} Re8 {[%clk 00:00:31]} {[%emt 00:01:48]} 27. Bxe4 {[%clk
00:21:06]} {[%emt 00:11:47]} Bd8 {[%clk 00:00:50]} {[%emt 00:00:12]} 28. Rc8
{[%clk 00:20:59]} {[%emt 00:00:36]} Qe7 {[%clk 00:00:38]} {[%emt 00:00:43]} 29.
f4 {[%clk 00:16:54]} {[%emt 00:04:35]} Rg8 {[%clk 00:00:38]} {[%emt 00:00:30]}
30. Bf3 {[%clk 00:12:12]} {[%emt 00:05:11]} Nd7 {[%clk 00:00:36]} {[%emt
00:00:32]} 31. Bd4 {[%clk 00:11:51]} {[%emt 00:00:51]} Nb6 {[%clk 00:00:54]}
{[%emt 00:00:13]} 32. Bxb6 {[%emt 00:00:35]} Bxb6 {[%clk 00:01:18]} {[%emt
00:00:03]} 33. Rxg8+ {[%clk 00:09:36]} {[%emt 00:02:43]} Kxg8 {[%clk 00:01:48]}
34. Qe1 {[%clk 00:08:52]} {[%emt 00:01:12]} Bxe3+ {[%clk 00:01:38]} {[%emt
00:00:40]} 35. Kh1 {[%clk 00:08:37]} {[%emt 00:00:45]} Kf8 {[%clk 00:01:13]}
{[%emt 00:00:54]} 36. Qc3 {[%clk 00:07:18]} {[%emt 00:01:50]} Bxf4 {[%clk
00:00:34]} {[%emt 00:01:09]} 37. Qc8+ {[%clk 00:07:35]} {[%emt 00:00:14]} Qe8
{[%clk 00:01:04]} 38. Qxe8+ {[%clk 00:07:48]} {[%emt 00:00:16]} Kxe8 {[%clk
00:01:30]} {[%emt 00:00:04]} 39. Kg1 {[%clk 00:07:37]} {[%emt 00:00:40]} Ke7
{[%clk 00:01:44]} {[%emt 00:00:17]} 40. Kf2 {[%clk 00:07:36]} {[%emt 00:00:30]}
Kd6 {[%clk 00:01:43]} {[%emt 00:00:30]} 41. Ke2 {[%clk 00:07:32]} {[%emt
00:00:35]} Kc5 {[%clk 00:23:28]} {[%emt 00:08:46]} 42. Kd3 {[%clk 00:37:40]}
{[%emt 00:00:21]} Kb4 {[%clk 00:17:20]} {[%emt 00:06:38]} 43. Kd4 {[%clk
00:35:20]} {[%emt 00:02:50]} Bc1 {[%clk 00:16:12]} {[%emt 00:01:38]} 44. b3
{[%clk 00:35:13]} {[%emt 00:00:37]} Ka3 {[%clk 00:15:59]} {[%emt 00:00:44]} 45.
Bd5 {[%clk 00:33:55]} {[%emt 00:01:48]} f6 {[%clk 00:07:59]} {[%emt 00:08:30]}
46. Bb7 {[%clk 00:34:03]} {[%emt 00:00:22]} a5 {[%clk 00:07:35]} {[%emt
00:00:53]} 47. Kc5 {[%clk 00:33:56]} {[%emt 00:00:38]} Kxa2 {[%clk 00:05:47]}
{[%emt 00:02:18]} 48. Kxb5 {[%clk 00:33:55]} {[%emt 00:00:31]} Kxb3 {[%clk
00:06:15]} {[%emt 00:00:02]} 49. Kxa5 {[%clk 00:34:06]} {[%emt 00:00:19]} Kc4
{[%clk 00:06:30]} {[%emt 00:00:13]} 50. Kb6 {[%clk 00:34:16]} {[%emt 00:00:21]}
Kd4 {[%clk 00:06:19]} {[%emt 00:00:41]} 51. Kc6 {[%clk 00:34:31]} {[%emt
00:00:15]} f5 {[%clk 00:05:39]} {[%emt 00:01:11]} 52. Kd6 {[%clk 00:34:54]}
{[%emt 00:00:07]} g5 {[%clk 00:04:45]} {[%emt 00:01:24]} 53. Ke6 {[%clk
00:35:05]} {[%emt 00:00:19]} f4 {[%clk 00:03:18]} {[%emt 00:01:57]} 54. Kf5
{[%clk 00:35:22]} {[%emt 00:00:13]} 1/2-1/2

[Event "ODJM B 2024"]
[Site "Willingen GER"]
[Date "2024.05.25"]
[Round "9"]
[White "Lampe, Finn"]
[Black "Liang, Jiaxuan"]
[Result "1-0"]
[Termination "normal"]
[Board "4"]
[WhiteElo "1688"]
[BlackElo "1673"]
[WhiteClock "00:07:09"]
[BlackClock "00:03:29"]
[PlyCount "133"]
[WhiteFideId "34683437"]
[BlackFideId "34675205"]
[EventCountry "GER"]
[EventRounds "9"]
[EventType "swiss"]
[EventDate "2024.05.18"]

1. e4 {[%clk 01:30:48]} {[%emt 00:00:11]} c5 {[%clk 01:30:54]} {[%emt
00:00:06]} 2. Nf3 {[%clk 01:30:36]} {[%emt 00:00:42]} a6 {[%clk 01:31:18]}
{[%emt 00:00:07]} 3. c3 {[%clk 01:30:22]} {[%emt 00:00:44]} d5 {[%clk
01:31:39]} {[%emt 00:00:09]} 4. exd5 {[%clk 01:30:43]} {[%emt 00:00:08]} Qxd5
{[%clk 01:32:03]} {[%emt 00:00:07]} 5. d4 {[%clk 01:31:07]} {[%emt 00:00:06]}
e6 {[%clk 01:32:15]} {[%emt 00:00:18]} 6. Bd3 {[%clk 01:31:09]} {[%emt
00:00:27]} Nc6 {[%clk 01:31:59]} {[%emt 00:00:48]} 7. O-O {[%clk 01:31:15]}
{[%emt 00:00:23]} Nf6 {[%clk 01:30:05]} {[%emt 00:02:24]} 8. Bf4 {[%clk
01:25:30]} {[%emt 00:06:14]} Be7 {[%clk 01:21:59]} {[%emt 00:08:36]} 9. Re1
{[%clk 01:23:14]} {[%emt 00:02:47]} O-O {[%clk 01:17:45]} {[%emt 00:04:43]} 10.
Na3 {[%clk 01:16:02]} {[%emt 00:07:43]} cxd4 {[%clk 01:13:10]} {[%emt
00:05:05]} 11. cxd4 {[%clk 01:16:20]} {[%emt 00:00:11]} Bxa3 {[%clk 01:12:14]}
{[%emt 00:01:27]} 12. bxa3 {[%clk 01:16:44]} {[%emt 00:00:06]} Rd8 {[%clk
01:06:29]} {[%emt 00:06:15]} 13. Be3 {[%clk 01:16:34]} {[%emt 00:00:40]} Qd6
{[%clk 00:55:42]} {[%emt 00:11:17]} 14. Qb3 {[%emt 00:14:34]} Ng4 {[%clk
00:46:44]} 15. Rad1 {[%emt 00:05:04]} Nxe3 {[%clk 00:44:52]} {[%emt 00:02:21]}
16. Rxe3 {[%clk 01:06:24]} {[%emt 00:01:30]} g6 {[%clk 00:44:07]} {[%emt
00:01:15]} 17. Bc2 {[%clk 01:01:55]} {[%emt 00:04:59]} b5 {[%clk 00:36:22]}
{[%emt 00:08:16]} 18. Qd3 {[%clk 00:49:03]} {[%emt 00:13:20]} Bb7 {[%clk
00:31:09]} {[%emt 00:05:45]} 19. h4 {[%clk 00:46:17]} {[%emt 00:03:16]} h5
{[%clk 00:26:45]} {[%emt 00:04:54]} 20. Qd2 {[%clk 00:38:30]} {[%emt 00:08:16]}
Kg7 {[%clk 00:23:26]} {[%emt 00:03:50]} 21. Rd3 {[%clk 00:37:08]} {[%emt
00:01:50]} Ne7 {[%clk 00:19:50]} {[%emt 00:04:07]} 22. Qb4 {[%clk 00:26:23]}
{[%emt 00:11:16]} Rac8 {[%clk 00:17:11]} {[%emt 00:03:09]} 23. Bb3 {[%clk
00:25:12]} {[%emt 00:01:40]} Qxb4 {[%clk 00:15:17]} {[%emt 00:02:24]} 24. axb4
{[%clk 00:25:41]} {[%emt 00:00:01]} Bd5 {[%clk 00:15:34]} {[%emt 00:00:13]} 25.
Nd2 {[%clk 00:22:59]} {[%emt 00:03:12]} Nf5 {[%clk 00:13:58]} {[%emt 00:02:05]}
26. g3 {[%clk 00:20:55]} {[%emt 00:02:34]} Bxb3 {[%clk 00:12:51]} {[%emt
00:01:39]} 27. Nxb3 {[%clk 00:21:24]} {[%emt 00:00:01]} Rc4 {[%clk 00:12:19]}
{[%emt 00:01:01]} 28. a3 {[%clk 00:21:27]} {[%emt 00:00:27]} Rd5 {[%clk
00:12:01]} {[%emt 00:00:48]} 29. Kg2 {[%clk 00:20:43]} {[%emt 00:01:15]} Kf8
{[%clk 00:07:57]} {[%emt 00:04:33]} 30. f3 {[%clk 00:19:53]} {[%emt 00:01:20]}
Ke8 {[%clk 00:05:12]} {[%emt 00:03:16]} 31. Kh3 {[%clk 00:19:39]} {[%emt
00:00:44]} Kd8 {[%clk 00:04:51]} {[%emt 00:00:49]} 32. g4 {[%clk 00:19:28]}
{[%emt 00:00:43]} Ne7 {[%clk 00:04:56]} {[%emt 00:00:25]} 33. Nc5 {[%clk
00:19:30]} {[%emt 00:00:27]} Nc6 {[%clk 00:05:17]} {[%emt 00:00:09]} 34. Nb3
{[%clk 00:15:47]} {[%emt 00:04:13]} Ne7 {[%clk 00:05:21]} {[%emt 00:00:26]} 35.
Kg3 {[%clk 00:15:27]} {[%emt 00:00:50]} hxg4 {[%clk 00:04:39]} {[%emt
00:01:12]} 36. fxg4 {[%clk 00:15:47]} {[%emt 00:00:10]} Kc8 {[%clk 00:02:54]}
{[%emt 00:02:16]} 37. Rf1 {[%clk 00:14:52]} {[%emt 00:01:25]} f5 {[%clk
00:03:09]} {[%emt 00:00:15]} 38. Re1 {[%clk 00:10:53]} {[%emt 00:04:29]} Rd6
{[%clk 00:01:03]} {[%emt 00:02:35]} 39. g5 {[%clk 00:04:59]} {[%emt 00:06:24]}
Nc6 {[%clk 00:00:45]} {[%emt 00:00:49]} 40. h5 {[%clk 00:02:22]} {[%emt
00:03:07]} gxh5 {[%clk 00:00:33]} {[%emt 00:00:42]} 41. Kh4 {[%clk 00:00:33]}
{[%emt 00:02:19]} e5 {[%clk 00:22:18]} {[%emt 00:08:44]} 42. Kxh5 {[%clk
00:25:54]} {[%emt 00:05:09]} exd4 {[%clk 00:19:16]} {[%emt 00:03:32]} 43. g6
{[%clk 00:22:47]} {[%emt 00:03:37]} Rc2 {[%clk 00:18:04]} {[%emt 00:01:38]} 44.
Rg3 {[%clk 00:20:08]} {[%emt 00:03:13]} Rh2+ {[%clk 00:13:19]} {[%emt
00:05:15]} 45. Kg5 {[%clk 00:20:23]} {[%emt 00:00:15]} f4 {[%clk 00:12:13]}
{[%emt 00:01:36]} 46. Kxf4 {[%clk 00:16:58]} {[%emt 00:03:55]} Rf2+ {[%clk
00:11:50]} {[%emt 00:00:54]} 47. Kg5 {[%clk 00:13:11]} {[%emt 00:04:16]} Rff6
{[%clk 00:11:01]} {[%emt 00:01:19]} 48. Kh6 {[%clk 00:12:43]} {[%emt 00:00:59]}
Rf2 {[%clk 00:06:49]} {[%emt 00:04:41]} 49. Nc5 {[%clk 00:10:45]} {[%emt
00:02:28]} Rf5 {[%clk 00:02:01]} {[%emt 00:05:19]} 50. Re6 {[%clk 00:07:07]}
{[%emt 00:04:08]} Rxe6 {[%clk 00:00:37]} {[%emt 00:01:54]} 51. Nxe6 {[%clk
00:07:36]} {[%emt 00:00:01]} Ne7 {[%clk 00:01:02]} {[%emt 00:00:05]} 52. Nxd4
{[%clk 00:06:56]} {[%emt 00:01:09]} Rf6 {[%clk 00:01:06]} {[%emt 00:00:26]} 53.
Kg7 {[%clk 00:06:24]} {[%emt 00:01:02]} Rxg6+ {[%clk 00:00:32]} {[%emt
00:01:05]} 54. Rxg6 {[%clk 00:06:52]} {[%emt 00:00:02]} Nxg6 {[%clk 00:01:01]}
{[%emt 00:00:02]} 55. Kxg6 {[%clk 00:07:20]} {[%emt 00:00:02]} Kd7 {[%clk
00:01:30]} 56. Kf5 {[%clk 00:07:00]} {[%emt 00:00:50]} Kd6 {[%clk 00:01:38]}
{[%emt 00:00:24]} 57. Ke4 {[%clk 00:07:08]} {[%emt 00:00:21]} a5 {[%clk
00:01:03]} {[%emt 00:01:06]} 58. Nxb5+ {[%clk 00:07:10]} {[%emt 00:00:28]} Kc6
{[%clk 00:01:10]} {[%emt 00:00:23]} 59. Nd4+ {[%clk 00:07:02]} {[%emt
00:00:38]} Kb6 {[%clk 00:01:28]} {[%emt 00:00:11]} 60. Kd5 {[%clk 00:05:53]}
{[%emt 00:01:39]} Ka6 {[%clk 00:01:39]} {[%emt 00:00:19]} 61. Kc6 {[%clk
00:05:54]} {[%emt 00:00:29]} Ka7 {[%clk 00:01:46]} {[%emt 00:00:24]} 62. Kc7
{[%clk 00:06:03]} {[%emt 00:00:20]} Ka6 {[%clk 00:02:07]} {[%emt 00:00:09]} 63.
b5+ {[%clk 00:06:25]} {[%emt 00:00:08]} Ka7 {[%clk 00:02:30]} {[%emt 00:00:08]}
64. b6+ {[%clk 00:06:48]} {[%emt 00:00:05]} Ka8 {[%clk 00:02:41]} {[%emt
00:00:21]} 65. b7+ {[%clk 00:07:11]} {[%emt 00:00:06]} Ka7 {[%clk 00:03:08]}
{[%emt 00:00:04]} 66. b8=Q+ {[%clk 00:07:20]} {[%emt 00:00:22]} Ka6 {[%clk
00:03:29]} {[%emt 00:00:08]} 67. Qb6# {[%clk 00:07:09]} {[%emt 00:00:09]} 1-0

[Event "ODJM B 2024"]
[Site "Willingen GER"]
[Date "2024.05.25"]
[Round "9"]
[White "Klages, Jonas"]
[Black "John, Niklas"]
[Result "1-0"]
[Termination "normal"]
[Board "5"]
[WhiteElo "1693"]
[BlackElo "1797"]
[WhiteClock "00:02:38"]
[BlackClock "00:15:18"]
[PlyCount "139"]
[WhiteFideId "34639993"]
[BlackFideId "16234626"]
[EventCountry "GER"]
[EventRounds "9"]
[EventType "swiss"]
[EventDate "2024.05.18"]

1. e4 {[%clk 01:30:59]} c5 {[%clk 01:30:53]} {[%emt 00:00:06]} 2. Nf3 {[%clk
01:31:26]} {[%emt 00:00:04]} d6 {[%clk 01:31:19]} {[%emt 00:00:04]} 3. d4
{[%clk 01:31:50]} {[%emt 00:00:06]} cxd4 {[%clk 01:31:43]} {[%emt 00:00:06]} 4.
Nxd4 {[%clk 01:32:19]} {[%emt 00:00:02]} Nf6 {[%clk 01:32:04]} {[%emt
00:00:08]} 5. f3 {[%clk 01:32:45]} {[%emt 00:00:04]} g6 {[%clk 01:32:15]}
{[%emt 00:00:19]} 6. c4 {[%clk 01:32:49]} {[%emt 00:00:27]} Bg7 {[%clk
01:32:34]} {[%emt 00:00:10]} 7. Nc3 {[%clk 01:32:39]} {[%emt 00:00:39]} O-O
{[%clk 01:32:39]} {[%emt 00:00:26]} 8. Be3 {[%clk 01:31:28]} {[%emt 00:01:41]}
Nc6 {[%clk 01:32:29]} {[%emt 00:00:41]} 9. Nc2 {[%clk 01:31:44]} {[%emt
00:00:13]} Be6 {[%clk 01:30:10]} {[%emt 00:02:49]} 10. Qd2 {[%clk 01:29:51]}
{[%emt 00:02:23]} Rc8 {[%clk 01:27:40]} {[%emt 00:03:00]} 11. Rc1 {[%clk
01:27:01]} {[%emt 00:03:19]} Qa5 {[%clk 01:15:20]} {[%emt 00:12:51]} 12. Be2
{[%clk 01:21:35]} {[%emt 00:05:56]} Nd7 {[%clk 01:09:44]} {[%emt 00:06:06]} 13.
Nd4 {[%clk 00:59:07]} {[%emt 00:22:58]} Nxd4 {[%clk 00:59:15]} {[%emt
00:10:59]} 14. Bxd4 {[%clk 00:59:22]} {[%emt 00:00:15]} Bxd4 {[%clk 00:54:43]}
{[%emt 00:05:02]} 15. Qxd4 {[%clk 00:59:47]} {[%emt 00:00:06]} Qg5 {[%clk
00:53:39]} {[%emt 00:01:32]} 16. O-O {[%clk 00:58:56]} {[%emt 00:01:21]} a6
{[%clk 00:38:18]} {[%emt 00:15:53]} 17. Rfd1 {[%clk 00:56:19]} {[%emt
00:03:06]} Ne5 {[%clk 00:35:52]} {[%emt 00:02:56]} 18. b3 {[%clk 00:54:48]}
{[%emt 00:02:00]} h5 {[%clk 00:25:46]} {[%emt 00:10:36]} 19. Qf2 {[%clk
00:53:46]} {[%emt 00:01:32]} Nd7 {[%clk 00:24:41]} {[%emt 00:01:36]} 20. Kf1
{[%clk 00:40:46]} {[%emt 00:13:29]} Qc5 {[%clk 00:17:13]} {[%emt 00:07:59]} 21.
Qg3 {[%clk 00:35:28]} {[%emt 00:05:48]} Qe3 {[%clk 00:16:32]} {[%emt 00:01:10]}
22. Rc2 {[%clk 00:30:49]} {[%emt 00:05:09]} Rc7 {[%clk 00:15:18]} {[%emt
00:01:44]} 23. Qh4 {[%clk 00:27:47]} {[%emt 00:03:32]} Nf6 {[%clk 00:14:32]}
{[%emt 00:01:17]} 24. Rd3 {[%clk 00:19:56]} {[%emt 00:08:20]} Qh6 {[%clk
00:14:32]} {[%emt 00:00:30]} 25. Qf2 {[%clk 00:17:40]} {[%emt 00:02:47]} Rfc8
{[%clk 00:13:44]} {[%emt 00:01:17]} 26. Na4 {[%clk 00:13:49]} {[%emt 00:04:23]}
d5 {[%clk 00:09:25]} {[%emt 00:04:48]} 27. exd5 {[%clk 00:12:26]} {[%emt
00:01:53]} Bf5 {[%clk 00:09:21]} {[%emt 00:00:33]} 28. Nb6 {[%clk 00:10:06]}
{[%emt 00:02:51]} Bxd3 {[%clk 00:09:28]} {[%emt 00:00:23]} 29. Bxd3 {[%clk
00:10:11]} {[%emt 00:00:25]} Rd8 {[%clk 00:08:55]} {[%emt 00:01:02]} 30. Qg3
{[%clk 00:09:36]} {[%emt 00:01:06]} Rc5 {[%clk 00:03:13]} {[%emt 00:06:12]} 31.
b4 {[%clk 00:05:33]} {[%emt 00:04:32]} Nxd5 {[%clk 00:02:56]} {[%emt 00:00:47]}
32. Nxd5 {[%clk 00:04:45]} {[%emt 00:01:19]} Rdxd5 {[%clk 00:02:45]} {[%emt
00:00:41]} 33. bxc5 {[%clk 00:02:28]} {[%emt 00:02:47]} Rxd3 {[%clk 00:02:55]}
{[%emt 00:00:19]} 34. Qb8+ {[%clk 00:02:14]} {[%emt 00:00:45]} Kh7 {[%clk
00:03:16]} {[%emt 00:00:09]} 35. Qxb7 {[%clk 00:01:56]} {[%emt 00:00:47]} Qe3
{[%clk 00:03:27]} {[%emt 00:00:20]} 36. Qb1 {[%clk 00:02:07]} {[%emt 00:00:19]}
Qd4 {[%clk 00:03:07]} {[%emt 00:00:49]} 37. Qb2 {[%clk 00:01:00]} {[%emt
00:01:38]} Qe3 {[%clk 00:01:26]} {[%emt 00:02:11]} 38. Qc1 {[%clk 00:00:58]}
{[%emt 00:00:32]} Qd4 {[%clk 00:01:28]} {[%emt 00:00:28]} 39. Ke2 {[%clk
00:01:02]} {[%emt 00:00:27]} Qd8 {[%clk 00:00:40]} {[%emt 00:01:18]} 40. Rd2
{[%clk 00:01:07]} {[%emt 00:00:24]} Rd4 {[%clk 00:00:36]} {[%emt 00:00:33]} 41.
Qc3 {[%clk 00:28:42]} {[%emt 00:02:55]} Rxd2+ {[%clk 00:30:36]} {[%emt
00:00:30]} 42. Qxd2 {[%clk 00:29:02]} {[%emt 00:00:10]} Qc7 {[%clk 00:30:55]}
{[%emt 00:00:10]} 43. Qd5 {[%clk 00:28:07]} {[%emt 00:01:25]} Kg7 {[%clk
00:29:50]} {[%emt 00:01:36]} 44. g3 {[%clk 00:25:24]} {[%emt 00:03:13]} Qa5
{[%clk 00:27:29]} {[%emt 00:02:52]} 45. c6 {[%clk 00:22:25]} {[%emt 00:03:29]}
Qxa2+ {[%clk 00:27:43]} {[%emt 00:00:16]} 46. Ke3 {[%clk 00:22:34]} {[%emt
00:00:20]} Qb3+ {[%clk 00:27:28]} {[%emt 00:00:45]} 47. Ke4 {[%clk 00:22:01]}
{[%emt 00:01:04]} Qc2+ {[%clk 00:24:54]} {[%emt 00:03:03]} 48. Qd3 {[%clk
00:21:23]} {[%emt 00:01:07]} Qa4 {[%clk 00:22:58]} {[%emt 00:02:27]} 49. Qd4+
{[%clk 00:16:38]} {[%emt 00:05:15]} Kh7 {[%clk 00:22:58]} {[%emt 00:00:30]} 50.
Qd5 {[%clk 00:15:47]} {[%emt 00:01:22]} Qc2+ {[%clk 00:22:55]} {[%emt
00:00:33]} 51. Kd4 {[%clk 00:14:27]} {[%emt 00:01:49]} Qf2+ {[%clk 00:22:45]}
{[%emt 00:00:40]} 52. Kd3 {[%clk 00:13:24]} {[%emt 00:01:31]} Qf1+ {[%clk
00:22:53]} {[%emt 00:00:25]} 53. Kc2 {[%clk 00:11:10]} {[%emt 00:02:44]} Qf2+
{[%clk 00:22:00]} {[%emt 00:01:22]} 54. Kb3 {[%clk 00:11:30]} {[%emt 00:00:10]}
Qb6+ {[%clk 00:21:46]} {[%emt 00:00:44]} 55. Kc3 {[%clk 00:09:57]} {[%emt
00:02:04]} Qe3+ {[%clk 00:21:48]} {[%emt 00:00:27]} 56. Qd3 {[%clk 00:10:03]}
{[%emt 00:00:24]} Qc5 {[%clk 00:21:35]} {[%emt 00:00:43]} 57. Qd5 {[%clk
00:07:16]} {[%emt 00:03:17]} Qe3+ {[%clk 00:21:50]} {[%emt 00:00:15]} 58. Kb4
{[%clk 00:06:59]} {[%emt 00:00:47]} Qb6+ {[%clk 00:22:00]} {[%emt 00:00:20]}
59. Ka4 {[%clk 00:07:10]} {[%emt 00:00:20]} Kg7 {[%clk 00:18:45]} {[%emt
00:03:46]} 60. Qd7 {[%clk 00:06:12]} {[%emt 00:01:26]} Qc5 {[%clk 00:17:11]}
{[%emt 00:02:04]} 61. Qb7 {[%clk 00:03:40]} {[%emt 00:03:03]} Qxc4+ {[%clk
00:16:21]} {[%emt 00:01:20]} 62. Ka5 {[%clk 00:03:58]} {[%emt 00:00:13]} Qc5+
{[%clk 00:14:17]} {[%emt 00:02:33]} 63. Kxa6 {[%clk 00:04:18]} {[%emt
00:00:10]} Qd6 {[%clk 00:14:27]} {[%emt 00:00:20]} 64. Qd7 {[%clk 00:03:30]}
{[%emt 00:01:17]} Qa3+ {[%clk 00:14:42]} {[%emt 00:00:15]} 65. Kb7 {[%clk
00:03:44]} {[%emt 00:00:16]} Qa4 {[%clk 00:14:41]} {[%emt 00:00:31]} 66. Qxe7
{[%clk 00:03:19]} {[%emt 00:00:55]} Qb5+ {[%clk 00:14:59]} {[%emt 00:00:12]}
67. Kc7 {[%clk 00:03:34]} {[%emt 00:00:15]} Qa6 {[%clk 00:15:08]} {[%emt
00:00:22]} 68. Kd7 {[%clk 00:03:05]} {[%emt 00:00:59]} Qb5 {[%clk 00:15:17]}
{[%emt 00:00:20]} 69. f4 {[%clk 00:03:10]} {[%emt 00:00:24]} Qf5+ {[%clk
00:15:18]} {[%emt 00:00:29]} 70. Kd8 {[%clk 00:02:38]} 1-0